Tribhuvan University Central Library

Growing up with unemployment; a longitudinal study of its psychological impact (Record no. 15454)

MARC details
000 -LEADER
fixed length control field 007500000a22002770004500
082 ## - DEWEY DECIMAL CLASSIFICATION NUMBER
Classification number 331.34137994
Item number W722g
-- T
020 ## - INTERNATIONAL STANDARD BOOK NUMBER
International Standard Book Number 0-415-07454-1
041 ## - LANGUAGE CODE
Language code of text/sound track or separate title Eng
100 ## - MAIN ENTRY--PERSONAL NAME
Personal name Winefield, Anthony H.
100 ## - MAIN ENTRY--PERSONAL NAME
Personal name Tiggemann, Marika
100 ## - MAIN ENTRY--PERSONAL NAME
Personal name Winefied, Helen R.
100 ## - MAIN ENTRY--PERSONAL NAME
Personal name Goldney, Robert
245 ## - TITLE STATEMENT
Title Growing up with unemployment; a longitudinal study of its psychological impact
260 ## - PUBLICATION, DISTRIBUTION, ETC. (IMPRINT)
Place of publication, distribution, etc London
Name of publisher, distributor, etc Routledge, Great Britain
260 ## - PUBLICATION, DISTRIBUTION, ETC. (IMPRINT)
Date of publication, distribution, etc 1993
300 ## - PHYSICAL DESCRIPTION
Extent viii,200p.
Other physical details illus
440 ## - SERIES STATEMENT/ADDED ENTRY--TITLE
Title Adolescence and society
500 ## - GENERAL NOTE
General note Bibliography:p. 180-194
518 ## - DATE/TIME AND PLACE OF AN EVENT NOTE
Date/time and place of an event note 980731
530 ## - ADDITIONAL PHYSICAL FORM AVAILABLE NOTE
Additional physical form available note M
650 ## - SUBJECT ADDED ENTRY--TOPICAL TERM
Topical term or geographic name as entry element Labour economics
650 ## - SUBJECT ADDED ENTRY--TOPICAL TERM
Topical term or geographic name as entry element Unemployment
650 ## - SUBJECT ADDED ENTRY--TOPICAL TERM
Topical term or geographic name as entry element Employment
650 ## - SUBJECT ADDED ENTRY--TOPICAL TERM
Topical term or geographic name as entry element psychological effects
942 ## - ADDED ENTRY ELEMENTS (KOHA)
Koha item type General Collections
Holdings
Withdrawn status Lost status Damaged status Not for loan Home library Current library Date acquired Total Checkouts Barcode Date last seen Price effective from
        Tribhuvan University Central Library Tribhuvan University Central Library 06/20/2010   116274 06/20/2010 06/20/2010